[Event "St Petersburg Korchnoi Memorial op"]
[Site "St Petersburg"]
[Date "2023.08.23"]
[Round "8"]
[White "Chmilenko, Dmitriy"]
[Black "Khmelev, Mikhail"]
[Result "0-1"]
[WhiteElo "1488"]
[BlackElo "1825"]
[PlyCount "120"]
[EventDate "2023.08.18"]
[EventType "swiss"]
[EventRounds "9"]
[EventCountry "RUS"]
[SourceTitle "CBM 216 Extra"]
[Source "ChessBase"]
[SourceDate "2023.11.30"]
[SourceVersion "1"]
[SourceVersionDate "2023.11.30"]
[SourceQuality "1"]

1. e4 e5 2. Nf3 Nc6 3. d4 exd4 4. c3 d3 5. Bxd3 d6 6. 0-0 Nf6 7. Nbd2 Be7 8. b4 0-0 9. b5 Ne5 10. Nxe5 dxe5 11. Nc4 Bc5 12. Nxe5 Qe7 13. Nf3 Nxe4 14. Qc2 Bf5 15. Nd4 Bg6 16. Re1 Rfe8 17. Bb2 Bxd4 18. cxd4 Qb4 19. a3 Qd2 20. Bxe4 Qxc2 21. Bxc2 Bxc2 22. Rec1 Re2 23. h3 h6 24. Bc3 Ba4 25. Bb4 c6 26. bxc6 Bxc6 27. Re1 Rae8 28. Kf1 Rxe1+ 29. Rxe1 Rd8 30. Bc3 Rd5 31. Re5 Rd7 32. g3 f6 33. Re3 Rd5 34. Ke2 Rb5 35. Bb4 a5 36. Bc5 Rb2+ 37. Ke1 f5 38. Re2 Rb1+ 39. Kd2 Be4 40. Kc3 g5 41. h4 gxh4 42. gxh4 Rh1 43. Be7 Kf7 44. Bd8 Rc1+ 45. Kb3 Rd1 46. Bxa5 Rxd4 47. Kb2 Rd1 48. Bc7 Rb1+ 49. Ka2 Rh1 50. Bd8 Kg6 51. Bc7 Rxh4 52. Bg3 Rh1 53. Kb2 Kg5 54. Kc3 Kg4 55. Re3 h5 56. Kd2 h4 57. Be5 Bf3 58. Rb3 Rd1+ 59. Kc3 Be4 60. Rb4 Rd3+ 0-1

[Event "St Petersburg Korchnoi Memorial op"]
[Site "St Petersburg"]
[Date "2023.08.19"]
[Round "3"]
[White "Kuizhev, Adam"]
[Black "Chmilenko, Dmitriy"]
[Result "1-0"]
[WhiteElo "1855"]
[BlackElo "1488"]
[PlyCount "59"]
[EventDate "2023.08.18"]
[EventType "swiss"]
[EventRounds "9"]
[EventCountry "RUS"]
[SourceTitle "CBM 216 Extra"]
[Source "ChessBase"]
[SourceDate "2023.11.30"]
[SourceVersion "1"]
[SourceVersionDate "2023.11.30"]
[SourceQuality "1"]

1. e4 c5 2. Nc3 e6 3. Nf3 a6 4. g3 Nc6 5. Bg2 Nge7 6. 0-0 e5 7. d3 g6 8. Bg5 Bg7 9. Qd2 0-0 10. Bh6 d6 11. Nh4 Be6 12. Bxg7 Kxg7 13. f4 Nd4 14. Ne2 f5 15. Nxd4 cxd4 16. exf5 Nxf5 17. Nxf5+ gxf5 18. Rae1 Qc7 19. fxe5 dxe5 20. Qg5+ Kh8 21. Bh3 Rae8 22. Bxf5 Bxa2 23. b3 Qxc2 24. Bd7 Qc7 25. Bxe8 Rxe8 26. Qh5 Qc6 27. Rxe5 Rg8 28. Re7 Qg6 29. Qe5+ Rg7 30. Rf8# 1-0